[Event "AUTO-INT-3967"]
[Site "http://www.queenalice.com/game.php?id=1872643"]
[Date "2026.4.29"]
[Round "1"]
[White "renet54"]
[Black "alexcamargo"]
[Result "0-1"]
[WhiteElo "1496"]
[BlackElo "1607"]

1. d4 d5 2. Nf3 Nc6 3. Bf4 Nf6 4. e3 Bf5 5. c4 e6 6. Nbd2 Nb4 7. Qa4+ c6 8. Be2
Nc2+ 9. Kf1 Nxa1 10. cxd5 b5 11. Qa6 e5 12. Qxc6+ Bd7 13. Qc3 Rc8 14. Qd3 exf4
15. g4 Rc1+ 16. Kg2 Rxh1 17. Kxh1 Nxg4 18. Ne5 Nxf2+ 0-1

[Event "AUTO-INT-3967"]
[Site "http://www.queenalice.com/game.php?id=1872644"]
[Date "2026.4.29"]
[Round "1"]
[White "alexcamargo"]
[Black "renet54"]
[Result "1-0"]
[WhiteElo "1658"]
[BlackElo "1499"]

1. e4 e5 2. Nf3 Nc6 3. Nc3 Bc5 4. d3 Nf6 5. h3 O-O 6. Nb5 a6 7. Na3 d6 8. c3 Be6
9. Be2 Re8 10. O-O Qc8 11. Nc4 Bxh3 12. gxh3 Qxh3 13. Nh2 Nd4 14. cxd4 Bxd4 15.
Be3 Bxe3 16. Nxe3 Re6 17. Bf3 Nd5 18. Bg4 Rg6 19. exd5 h5 20. Qf3 hxg4 21. Qxh3
gxh3+ 22. Kh1 Re8 23. Rac1 e4 24. d4 Re7 25. b4 c6 26. Rg1 Kh7 27. Rxg6 fxg6 28.
Nhg4 cxd5 29. Nxd5 Rf7 30. Rc7 1-0

[Event "AUTO-INT-3967"]
[Site "http://www.queenalice.com/game.php?id=1872657"]
[Date "2026.4.29"]
[Round "1"]
[White "JoseMessias"]
[Black "alexcamargo"]
[Result "0-1"]
[WhiteElo "1403"]
[BlackElo "1668"]

1. g3 e5 2. e4 Nc6 3. Bc4 Nf6 4. d3 Be7 5. Bg5 h6 6. Bxf6 Bxf6 7. Qh5 Qe7 8. Nc3
g6 9. Qe2 d6 10. Nd5 Nd4 11. Qd2 Qd8 12. c3 c6 13. Nxf6+ Qxf6 14. cxd4 exd4 15.
O-O-O b5 16. Bb3 a5 17. Ne2 a4 18. Bc2 Be6 19. Bb1 c5 20. Nf4 Bg4 21. Nd5 Qd8
22. Rde1 Be6 23. Qf4 Bxd5 24. exd5+ Kf8 25. b4 Kg7 26. bxc5 dxc5 27. Qe5+ Qf6
28. Qxf6+ Kxf6 29. Re2 Rhe8 30. Rxe8 Rxe8 31. f4 Rd8 32. h4 Rxd5 33. g4 h5 34.
g5+ Kf5 35. Rf1 Kg4 36. Bc2 Kxh4 37. Bd1 Kg3 38. Rf3+ Kg2 39. Kd2 Rd7 40. Ke1
Re7+ 41. Be2 Re3 42. Rxe3 dxe3 43. a3 h4 44. Bf1+ Kf3 45. Bh3 b4 46. axb4 cxb4
47. Bd7 a3 48. Bc6+ Kxf4 49. Bd5 h3 50. Kf1 h2 51. Kg2 e2 52. Kf2 h1=Q 53. Bxh1
a2 54. Bd5 a1=Q 55. Kxe2 Qb2+ 56. Kd1 Ke3 57. Bxf7 Qd2# 0-1

[Event "AUTO-INT-3967"]
[Site "http://www.queenalice.com/game.php?id=1872658"]
[Date "2026.4.29"]
[Round "1"]
[White "alexcamargo"]
[Black "JoseMessias"]
[Result "1-0"]
[WhiteElo "1634"]
[BlackElo "1472"]

1. e4 b6 2. Nf3 Bb7 3. Nc3 d5 4. d4 dxe4 5. Nxe4 Bxe4 6. Bc4 Nc6 7. Ng5 Bd5 8.
Qd3 Nb4 9. Qc3 Bxc4 10. Qxc4 e6 11. a3 c5 12. axb4 cxb4 13. Qb5+ Qd7 14. Qxd7+
Kxd7 15. Nxf7 Bd6 16. Nxh8 Nf6 17. Nf7 Be7 18. Bd2 a5 19. Ne5+ Kd6 20. Bxb4+ Kd5
21. Bxe7 Kxd4 22. f4 Nd5 23. O-O-O+ Ke4 24. g3 Nxe7 25. Rd6 Kf5 26. Rxb6 Nd5 27.
Rd6 g6 28. Nd7 a4 29. Nb6 Nxb6 30. Rxb6 a3 31. Kb1 a2+ 32. Ka1 h5 33. c4 e5 34.
fxe5 Kxe5 35. Rxg6 Kd4 36. Rc1 Ra5 37. b4 Ra4 38. b5 Rxc4 39. Rxc4+ Kxc4 40. b6
1-0

[Event "AUTO-INT-3967"]
[Site "http://www.queenalice.com/game.php?id=1872667"]
[Date "2026.4.29"]
[Round "1"]
[White "alexcamargo"]
[Black "jenyasm"]
[Result "1-0"]
[WhiteElo "1810"]
[BlackElo "1731"]

1. e4 e5 2. Nf3 Nc6 3. Nc3 a6 4. Bc4 h6 5. O-O Nf6 6. d4 Bd6 7. d5 Ne7 8. b3 O-O
9. Be3 Ng6 10. h3 b5 11. Be2 c6 12. Qd3 cxd5 13. Nxd5 Bc7 14. Qc3 Ba5 15. Nxf6+
gxf6 16. b4 Bc7 17. Bxh6 Re8 18. Rad1 Kh7 19. Be3 Re6 20. Nh2 Kg7 21. Ng4 Kf8
22. Bc5+ d6 23. Qe3 Qe7 24. Nh6 dxc5 25. Nf5 Qe8 26. Qh6+ 1-0

[Event "AUTO-INT-3967"]
[Site "http://www.queenalice.com/game.php?id=1872668"]
[Date "2026.4.29"]
[Round "1"]
[White "jenyasm"]
[Black "alexcamargo"]
[Result "0-1"]
[WhiteElo "1696"]
[BlackElo "1828"]

1. e4 e5 2. Nf3 Nc6 3. d3 Nf6 4. h3 d5 5. exd5 Nxd5 6. Bd2 Bc5 7. Nc3 Be6 8. g3
Qd7 9. Bg2 O-O-O 10. O-O h6 11. Re1 Nxc3 12. Bxc3 h5 13. Bxe5 f6 14. Bc3 Rhe8
15. Kh2 Bxf2 16. Re2 Bc5 17. a3 Ne7 18. Ne5 fxe5 19. Bxe5 g5 20. Re4 h4 21. gxh4
Bd5 22. Rg4 Bxg2 23. Kxg2 gxh4 24. Rxh4 Nf5 25. Re4 Ne3+ 26. Kh2 Nxd1 27. Rxd1
Bd6 28. Bxd6 Rxe4 29. dxe4 cxd6 30. Rd2 Qe6 31. Re2 Rg8 0-1

[Event "AUTO-INT-3968"]
[Site "http://www.queenalice.com/game.php?id=1872942"]
[Date "2026.5.5"]
[Round "1"]
[White "alexcamargo"]
[Black "game"]
[Result "1-0"]
[WhiteElo "1644"]
[BlackElo "1585"]

1. e4 c6 2. d4 d5 3. Nc3 Nf6 4. Bd3 dxe4 5. Nxe4 Qxd4 6. Nf3 Qd5 7. Nfd2 e5 8.
Qf3 Ng4 9. Bc4 Qd7 10. h3 Nf6 11. Nxf6+ gxf6 12. Qxf6 Rg8 13. g4 Qc7 14. Ne4 Bg7
15. Nd6+ Kd7 16. Qxf7+ Kxd6 17. Qxc7+ Kxc7 18. Bxg8 Na6 19. Be3 c5 20. O-O-O
Bxg4 21. hxg4 Rxg8 22. Rxh7 Kb6 23. a3 Kc7 24. Bg5 e4 25. Re1 Kc6 26. Rxe4 Kb5
27. c3 c4 28. Re7 Bf8 29. Rxb7+ Ka5 30. Rh5 Nc5 31. Rxa7+ Na6 32. Be3+ Ka4 33.
Rxa6+ Kb3 34. f4 Rxg4 35. Kb1 Rg2 36. Rb5+ Bb4 37. Rxb4# 1-0

[Event "AUTO-INT-3968"]
[Site "http://www.queenalice.com/game.php?id=1872943"]
[Date "2026.5.5"]
[Round "1"]
[White "game"]
[Black "alexcamargo"]
[Result "0-1"]
[WhiteElo "1639"]
[BlackElo "1673"]

1. e4 e5 2. Nf3 Nc6 3. Bc4 h6 4. d4 d6 5. dxe5 dxe5 6. Qxd8+ Nxd8 7. Nxe5 Be6 8.
Bb5+ c6 9. Ba4 Nf6 10. f3 Bd6 11. f4 Nxe4 12. Nc3 Nc5 13. Bb3 Nxb3 14. cxb3 Bf5
15. O-O f6 16. Nc4 Bc7 17. Re1+ Ne6 18. Ne4 b5 19. Na3 O-O 20. b4 Rad8 21. Be3
Bxe4 22. f5 Nd4 23. Rad1 Bb6 24. g4 Nf3+ 25. Kf2 Nxe1 26. Rxe1 Bxe3+ 27. Rxe3
Rfe8 28. Kg3 Rd3 29. Kf4 Rxe3 30. Kxe3 Bxf5+ 31. Kf4 Bd3 32. h4 Re4+ 33. Kf3 Kf7
34. h5 g6 35. b3 gxh5 36. gxh5 f5 37. Kf2 Kf6 38. Kf3 Kg5 39. Kf2 Kxh5 40. Kf3
Kg5 41. Kf2 Kg4 42. Kg2 Re2+ 43. Kf1 Kf3 44. Nc4 bxc4 45. bxc4 Rxa2+ 46. Ke1 Ke3
47. b5 Ra1# 0-1

[Event "AUTO-OPEN-4651"]
[Site "http://www.queenalice.com/game.php?id=1873073"]
[Date "2026.5.8"]
[Round "1"]
[White "game"]
[Black "alexcamargo"]
[Result "0-1"]
[WhiteElo "1606"]
[BlackElo "1619"]

1. e4 c5 2. Nf3 e6 3. Ne5 d6 4. Ng4 Nf6 5. Qf3 Nc6 6. Bc4 d5 7. exd5 Nd4 8.
Nxf6+ gxf6 9. Qc3 exd5 10. Bb3 Qc7 11. Bxd5 Qe5+ 12. Qe3 Nxc2+ 0-1

[Event "AUTO-OPEN-4651"]
[Site "http://www.queenalice.com/game.php?id=1873074"]
[Date "2026.5.8"]
[Round "1"]
[White "alexcamargo"]
[Black "game"]
[Result "1-0"]
[WhiteElo "1823"]
[BlackElo "1551"]

1. d4 d5 2. c4 dxc4 3. Nf3 Bf5 4. Nc3 e6 5. e4 Bg6 6. Bxc4 Bd6 7. e5 Bb4 8. Bd2
Nc6 9. a3 Be7 10. O-O Nxd4 11. Be3 c5 12. Nxd4 cxd4 13. Bxd4 Rc8 14. Bd3 Bc5 15.
Bb5+ Ke7 16. Bxc5+ Rxc5 17. Qa4 a6 18. Rfd1 Qb6 19. Qh4+ f6 20. Na4 Qxb5 21.
Nxc5 Qxc5 22. Qb4 b6 23. Qxc5+ bxc5 24. exf6+ Nxf6 25. Rac1 Bh5 26. f3 Rc8 27.
b4 Nd5 28. Rxc5 Rf8 29. Ra5 Rf6 30. Kf2 Nc3 31. Rc1 Na2 32. Rc2 Nxb4 33. axb4
Bg6 34. Rc7+ Kd6 35. Rxg7 h5 36. Rxa6+ Kd5 37. b5 Bd3 38. Rd7+ Kc5 39. Rxd3 Kxb5
40. Rdd6 Kc5 41. Rxe6 Rxe6 42. Rxe6 Kd5 43. Re3 1-0